Celebrity Hunted - Saison 2 - Statistiques

Statistiques générales
  • Ce quiz a été pris 22 fois
  • Le résultat moyen est 6 sur 8
Statistiques - réponses
Statut Occupation Participants % Correct
Capturé Youtubeur Inoxtag
100%
Capturé Youtubeur Michou
100%
Capturé Youtubeur Carlito
86%
Capturé Youtubeur Mcfly
86%
Capturé Humoriste et Acteur Jarry
64%
Capturé Chanteuse et Actrice Jenifer
57%
Exfiltré Humoriste et Actrice Fadily Camara
43%
Exfiltré Humoriste et Acteur Hakim Jemili
43%
Aucun quiz correspondant
Distribution des résultats
% des personnes avec chaque résultat
Percentile par nombre de réponses
Votre historique - résultats
Vous n’avez pas pris ce quiz